000 005620000a22002050004500
001 32
003 CO-MdFUSB
005 20170615170919.0
008 170615b xxu||||| |||| 00| 0 eng d
020 _a958-04-7885-6
040 _cCO-MdBIC
082 0 4 _a863C B862ha
100 1 _aKrischanitz, Raoul
245 1 0 _aEl Hámster Jaime en la búsqueda del tesoro / Raoul Krischanitz, Traducción : Marcela Chaparro
260 _aBogotá : Norma
300 _a[ 32 P.]
500 _aCuentos infantiles alemanes
650 1 4 _aLiteratura infantil
942 _cLGB
999 _c47292
_d47292